Sports Quiz

Random Sports or NCAA Quiz
Score 0/30 Timer 10:00
0 Plays Today
Confrence Team % Correct
SECAlabama
100%
Big-10Ohio State
100%
Big-12Oklahoma
100%
Non-ConfrenceNotre Dame
100%
Pac-12USC
100%
ACCFlorida State
100%
ACCMiami
100%
Big-12Texas
100%
SECFlorida
100%
Big-10Michigan
100%
SECLSU
100%
Big-10Michigan State
100%
SECGeorgia
100%
Big-10Nebraska
97.6%
Big-10Penn State
97.6%
Confrence Team % Correct
SECTennessee
97.6%
ACCClemson
97.6%
Pac-12Washington
97.6%
Big-10Iowa
97.6%
Pac-12Oregon
97.6%
SECAuburn
95.2%
Pac-12Colorado
95.2%
Pac-12UCLA
95.2%
SECTexas A&M
95.2%
ACCPittsburgh
88.1%
ACCSyracuse
88.1%
Big-10Maryland
88.1%
Non-ConfrenceArmy
85.7%
Big-10Minnesota
81%
SECMississippi State
78.6%
Remove Ads.
Support Sporcle.
Get the best of Sporcle when you Go Orange. This ad-free experience offers more features, more stats, and more fun while also helping to support Sporcle. Thank you for becoming a member.

You're not logged in!

Compare scores with friends on all Sporcle quizzes.
OR
Log In

Show Comments

Extras

Created Sep 27, 2019ReportNominate
Tags:NCAA Quiz

Top Quizzes Today


Score Distribution

Your Account Isn't Verified!

In order to create a playlist on Sporcle, you need to verify the email address you used during registration. Go to your Sporcle Settings to finish the process.

Report this User

Report this user for behavior that violates our Community Guidelines.

Details: